000 01097nam0a22002411 4500
001 rc\491779
005 20260407094636.0
035 _a(NLR Aleph) 005733661
090 _a7605448
_c7605448
100 _a20030616d1988 |||y0rusy50 ca
101 0 _arus
102 _aRU
105 _ay |||||||||
200 1 _aМетодические рекомендации по сокращению потерь продукции птицеводства
_fЮж. отд-ние ВАСХНИЛ, Укр. НИИ экономики и орг. сел. хоз-ва им. А.Г. Шлихтера, Укр. НИИ птицеводства
_g[Разраб. Бреславец В.А. и др.]
210 _aКиев
_cБ. и.
_d1988
215 _a34 с.
_d22
702 1 _aБреславец
_bВ.А.
_4570
712 0 2 _aУкраинский НИИ экономики и организации сельского хозяйства им. А. Г. Шлихтера
_cКиев
_3RU\NLR\AUTH\889920382
_9336958
801 0 _aRU
_bNLR
_gpsbo
801 1 _aRU
_bELAR
_2rusmarc
852 _aNLR
_j88-4/12082
942 _cBOOK
980 _aNB